[Event "St Veit op 43rd"]
[Site "St Veit"]
[Date "2024.07.13"]
[Round "9"]
[White "Ebner, Johann"]
[Black "Wickramasinghe, Nathaniel"]
[Result "1/2-1/2"]
[WhiteElo "1972"]
[BlackElo "1911"]
[PlyCount "25"]
[EventDate "2024.07.06"]
[EventType "swiss"]
[EventRounds "9"]
[EventCountry "AUT"]
[SourceTitle "CBM 221 Extra"]
[Source "ChessBase"]
[SourceDate "2024.09.30"]
[SourceVersion "1"]
[SourceVersionDate "2024.09.30"]
[SourceQuality "1"]

1. d4 d5 2. c4 e6 3. Nc3 Nf6 4. cxd5 Nxd5 5. e4 Nxc3 6. bxc3 Be7 7. Nf3 0-0 8. Bd3 c5 9. 0-0 cxd4 10. cxd4 Nc6 11. Bb2 b6 12. Qe2 Bb7 13. Rfd1 1/2-1/2

[Event "St Veit op 43rd"]
[Site "St Veit"]
[Date "2024.07.10"]
[Round "6"]
[White "Wegerer, Fred"]
[Black "Wickramasinghe, Nathaniel"]
[Result "1/2-1/2"]
[WhiteElo "2117"]
[BlackElo "1911"]
[PlyCount "106"]
[EventDate "2024.07.06"]
[EventType "swiss"]
[EventRounds "9"]
[EventCountry "AUT"]
[SourceTitle "CBM 221 Extra"]
[Source "ChessBase"]
[SourceDate "2024.09.30"]
[SourceVersion "1"]
[SourceVersionDate "2024.09.30"]
[SourceQuality "1"]

1. Nf3 d5 2. g3 c5 3. Bg2 Nc6 4. d4 e6 5. 0-0 Nf6 6. a3 h6 7. dxc5 Bxc5 8. c4 0-0 9. b4 Bd6 10. cxd5 exd5 11. Bb2 Be6 12. Nc3 a6 13. e3 Ne5 14. Nxd5 Bxd5 15. Nxe5 Bxg2 16. Kxg2 Qe7 17. Qd4 Rfe8 18. Ng4 Qe4+ 19. Qxe4 Nxe4 20. h4 Nd2 21. Rfd1 Nc4 22. Bd4 b5 23. Nh2 a5 24. Bc3 axb4 25. Bxb4 Bxb4 26. axb4 Ra4 27. Rab1 Na3 28. Rb2 Re4 29. Rd8+ Kh7 30. Rd4 Rxd4 31. exd4 Nc4 32. Rb3 Nb6 33. Kf3 Nd5 34. Ke4 Rxb4 35. Rxb4 Nxb4 36. d5 Kg8 37. Nf3 Na6 38. d6 Kf8 39. Kd5 Ke8 40. Kc6 b4 41. Nd4 Kd8 42. Nb3 Kc8 43. Kb5 Nb8 44. Kxb4 Kd7 45. Kc5 Na6+ 46. Kd5 Nb4+ 47. Kc4 Na2 48. Nc5+ Kxd6 49. Nd3 h5 50. Kd4 Ke6 51. Ke4 Nc3+ 52. Kf4 f6 53. Ke3 g6 1/2-1/2

[Event "Vienna Advent op"]
[Site "Vienna"]
[Date "2023.12.13"]
[Round "3"]
[White "Buettner, Anton"]
[Black "Wickramasinghe, Nathaniel"]
[Result "1/2-1/2"]
[WhiteElo "1552"]
[BlackElo "1863"]
[PlyCount "84"]
[EventDate "2023.12.11"]
[EventType "swiss"]
[EventRounds "7"]
[EventCountry "AUT"]
[SourceTitle "CBM 217 Extra"]
[Source "ChessBase"]
[SourceDate "2024.01.31"]
[SourceVersion "1"]
[SourceVersionDate "2024.01.31"]
[SourceQuality "1"]

1. e4 c5 2. Nf3 d6 3. d4 cxd4 4. Nxd4 Nf6 5. Nc3 Nc6 6. Bc4 a6 7. h3 Bd7 8. Bg5 e6 9. 0-0 Be7 10. Re1 0-0 11. Nf3 Qc7 12. Bb3 Rfd8 13. Qe2 h6 14. Bf4 b5 15. e5 dxe5 16. Nxe5 Nxe5 17. Bxe5 Qb7 18. Bxf6 Bxf6 19. Ne4 Be7 20. c3 Bc6 21. Bc2 Rd7 22. Rad1 Rad8 23. f3 Rxd1 24. Rxd1 Rxd1+ 25. Qxd1 Qd7 26. Qe2 f5 27. Nd2 Bf6 28. Nb3 Bd5 29. Bd3 Bxb3 30. axb3 Qd5 31. c4 Qc5+ 32. Kh1 Kf7 33. cxb5 axb5 34. Bxb5 Qc1+ 35. Qf1 Qxb2 36. Bc4 g5 37. Qe1 Be5 38. Qd1 Qa1 39. Qxa1 Bxa1 40. g4 Kf6 41. Kg2 Bd4 42. Kf1 fxg4 1/2-1/2

[Event "St Veit op 42nd"]
[Site "St Veit"]
[Date "2023.07.09"]
[Round "3"]
[White "Higatsberger, Michael"]
[Black "Wickramasinghe, Nathaniel"]
[Result "1-0"]
[WhiteElo "2063"]
[BlackElo "1755"]
[PlyCount "117"]
[EventDate "2023.07.08"]
[EventType "swiss"]
[EventRounds "9"]
[EventCountry "AUT"]
[SourceTitle "CBM 215 Extra"]
[Source "ChessBase"]
[SourceDate "2023.09.30"]
[SourceVersion "1"]
[SourceVersionDate "2023.09.30"]
[SourceQuality "1"]

1. e4 c5 2. Nf3 d6 3. d4 cxd4 4. Nxd4 Nf6 5. Nc3 Nc6 6. g3 e5 7. Nb3 Be6 8. Bg2 Rc8 9. 0-0 Be7 10. Nd5 Qd7 11. c3 Bh3 12. Nxf6+ gxf6 13. Bxh3 Qxh3 14. Qf3 h5 15. Rd1 a5 16. a4 Qe6 17. Rd5 b6 18. Be3 Bd8 19. Rad1 Bc7 20. Nd2 Ne7 21. Rb5 Rb8 22. b3 f5 23. exf5 Nxf5 24. Nc4 Nxe3 25. Nxe3 h4 26. Nf5 Kd7 27. Nxd6 Bxd6 28. Rbd5 hxg3 29. Rxd6+ Qxd6 30. Qxf7+ Kc6 31. Rxd6+ Kxd6 32. Qf6+ Kd5 33. Qf3+ e4 34. Qf5+ Kd6 35. Qf6+ Kd7 36. Qd4+ Kc7 37. Qe5+ Kd7 38. hxg3 Rhe8 39. Qd5+ Kc7 40. b4 axb4 41. cxb4 Rbd8 42. Qc4+ Kb7 43. b5 Rc8 44. Qd5+ Ka7 45. Qd7+ Ka8 46. Kg2 Red8 47. Qe6 Re8 48. Qxb6 e3 49. Qa6+ Kb8 50. b6 Re7 51. fxe3 Rc2+ 52. Kf3 Rc8 53. Qd3 Re6 54. a5 Rec6 55. Qd7 R6c7 56. bxc7+ Ka7 57. Qd4+ Kb7 58. Qb6+ Ka8 59. Qa6# 1-0

[Event "AUT-ch U18"]
[Site "St Veit"]
[Date "2023.04.04"]
[Round "5"]
[White "Warzycha, Gerwin"]
[Black "Wickramasinghe, Nathaniel"]
[Result "1/2-1/2"]
[WhiteElo "1686"]
[BlackElo "1762"]
[PlyCount "108"]
[EventDate "2023.04.02"]
[EventType "swiss"]
[EventRounds "7"]
[EventCountry "AUT"]
[SourceTitle "EXT 2024"]
[Source "ChessBase"]
[SourceDate "2023.10.10"]
[SourceVersion "1"]
[SourceVersionDate "2023.10.10"]
[SourceQuality "1"]

1. e4 c5 2. Nf3 d6 3. d4 cxd4 4. Nxd4 Nf6 5. Nc3 Nc6 6. Bg5 e6 7. Qd2 Be7 8. 0-0-0 a6 9. f4 Bd7 10. Be2 b5 11. Bf3 Rc8 12. g4 b4 13. Nce2 Qa5 14. Kb1 h6 15. Bxf6 Bxf6 16. Nb3 Qa4 17. Qxd6 Nb8 18. e5 Be7 19. Qd2 0-0 20. Ned4 Nc6 21. Qg2 Na5 22. Nxa5 Qxa5 23. g5 hxg5 24. Nb3 Qc7 25. fxg5 a5 26. g6 fxg6 27. Be4 Be8 28. Rhe1 g5 29. Qh3 g6 30. Nd4 Bf7 31. Nxe6 Qc4 32. Bd5 Qxc2+ 33. Ka1 Qf5 34. Qxf5 gxf5 35. Nxf8 Kxf8 36. Rf1 f4 37. h4 Rc5 38. Bxf7 Kxf7 39. hxg5 Bxg5 40. Rde1 Ke6 41. Kb1 a4 42. Re4 f3 43. Rxb4 f2 44. Rb8 Bh4 45. Rh8 Rxe5 46. Re8+ Kd5 47. Rxe5+ Kxe5 48. Kc2 Ke4 49. Kd2 Kf3 50. Kd3 Bf6 51. b4 axb3 52. axb3 Be5 53. b4 Bf4 54. b5 Bc7 1/2-1/2

[Event "Vienna State-chB"]
[Site "Vienna"]
[Date "2022.09.22"]
[Round "6"]
[White "Bytyqi, Kujtim"]
[Black "Wickramasinghe, Nathaniel"]
[Result "1-0"]
[WhiteElo "1862"]
[BlackElo "1760"]
[PlyCount "103"]
[EventDate "2022.09.17"]
[EventType "swiss"]
[EventRounds "9"]
[EventCountry "AUT"]
[SourceTitle "CBM 210 Extra"]
[Source "ChessBase"]
[SourceDate "2022.11.30"]
[SourceVersion "1"]
[SourceVersionDate "2022.11.30"]
[SourceQuality "1"]

1. b3 e5 2. Bb2 Nc6 3. e3 d5 4. Bb5 Bd6 5. f4 Qe7 6. Nf3 Bg4 7. fxe5 Bxe5 8. Bxe5 Bxf3 9. Qxf3 Qxe5 10. Nc3 Nf6 11. 0-0 0-0 12. Ne2 Ne7 13. Ng3 Ne4 14. d4 Qe6 15. Nh5 Nd2 16. Qg3 Qg6 17. Qh4 Nxf1 18. Rxf1 Nf5 19. Rxf5 Qxf5 20. Bd3 Qxh5 21. Qxh5 f5 22. g4 g6 23. Qg5 fxg4 24. Qxd5+ Kg7 25. Qxb7 Rae8 26. Qxc7+ Rf7 27. Qg3 h5 28. Qd6 Rf6 29. Qd7+ Kf8 30. e4 g3 31. hxg3 g5 32. e5 Rf3 33. Kg2 g4 34. Bg6 Re7 35. Qd8+ Kg7 36. Qxe7+ Kxg6 37. d5 h4 38. gxh4 Rf7 39. Qg5+ Kh7 40. e6 Rg7 41. Qh5+ Kg8 42. Qe8+ Kh7 43. e7 Rg8 44. Qf7+ Kh8 45. e8Q Rxe8 46. Qxe8+ Kh7 47. d6 a5 48. d7 a4 49. d8Q a3 50. Qde7+ Kh6 51. Qc6+ Kh5 52. Qg5# 1-0

[Event "AUT-ch U14"]
[Site "St Kanzian"]
[Date "2018.05.21"]
[Round "6.10"]
[White "Wickramasinghe, Nathaniel"]
[Black "Maier, Marco"]
[Result "0-1"]
[WhiteElo "1459"]
[BlackElo "1208"]
[PlyCount "112"]
[EventDate "2018.05.19"]
[EventType "swiss"]
[EventRounds "7"]
[EventCountry "AUT"]
[SourceTitle "EXT 2024"]
[Source "ChessBase"]
[SourceDate "2023.10.10"]
[SourceVersion "1"]
[SourceVersionDate "2023.10.10"]
[SourceQuality "1"]

1. e4 e5 2. Nf3 Nf6 3. d4 Nxe4 4. Bd3 d5 5. Nxe5 Bd6 6. 0-0 0-0 7. Nc3 Nxc3 8. bxc3 Nd7 9. Nxd7 Bxd7 10. Qh5 h6 11. Bxh6 gxh6 12. Qxh6 f5 13. Qg6+ Kh8 14. f4 Qf6 15. Qh5+ Kg8 16. Rf3 Rf7 17. Rh3 Re8 18. Rg3+ Rg7 19. Rxg7+ Kxg7 20. Rf1 Qh6 21. Qf3 Bc6 22. Bxf5 Rf8 23. Qg4+ Kh8 24. Rf3 Rg8 25. Rh3 Rxg4 26. Rxh6+ Kg7 27. Bxg4 Kxh6 28. g3 Ba3 29. Be2 Ba4 30. c4 Bb2 31. cxd5 Bxd4+ 32. Kg2 Bxc2 33. Kf3 Bb1 34. Bc4 Bf5 35. g4 Bd7 36. h4 Bc5 37. g5+ Kg6 38. Kg3 a6 39. Kf3 Bf5 40. Kg3 Bb4 41. h5+ Kxh5 42. Be2+ Kg6 43. Bg4 Be4 44. Bf3 Bxf3 45. Kxf3 Kf5 46. Ke3 Bd6 47. g6 Bxf4+ 48. Kf3 Be5 49. Ke3 Kxg6 50. Ke4 Kf6 51. Kd3 Kf5 52. Kc4 b6 53. a4 a5 54. Kb5 Ke4 55. Kc6 Kd4 56. d6 Bxd6 0-1

[Event "AUT-ch U14"]
[Site "St Kanzian"]
[Date "2018.05.19"]
[Round "2.1"]
[White "Wickramasinghe, Nathaniel"]
[Black "Hechl, Fabian"]
[Result "0-1"]
[WhiteElo "1459"]
[BlackElo "1890"]
[PlyCount "42"]
[EventDate "2018.05.19"]
[EventType "swiss"]
[EventRounds "7"]
[EventCountry "AUT"]
[SourceTitle "EXT 2024"]
[Source "ChessBase"]
[SourceDate "2023.10.10"]
[SourceVersion "1"]
[SourceVersionDate "2023.10.10"]
[SourceQuality "1"]

1. e4 e5 2. Nf3 d6 3. d4 exd4 4. Nxd4 Nf6 5. Nc3 Be7 6. Be3 0-0 7. Qd2 Re8 8. 0-0-0 Bf8 9. Bd3 c5 10. Nf5 Bxf5 11. exf5 a6 12. h3 b5 13. g4 b4 14. Na4 Qa5 15. b3 Nc6 16. g5 Nd5 17. Bc4 Nc3 18. g6 Kh8 19. Nxc3 bxc3 20. Qd5 Qa3+ 21. Kb1 Qb2# 0-1